000 00311nam a2200133Ia 4500
008 190216s9999||||xx |||||||||||||| ||und||
100 _aRajaraman.V
245 0 _aComputer Programming In Pascal
250 _a1st Ed.
260 _bPrentice Hall India
_c1993
300 _a219
650 _aComputer
942 _cBK
999 _c8441
_d8441